| 000 | 00574nam a22002177a 4500 | ||
|---|---|---|---|
| 999 |
_c6479 _d6479 |
||
| 003 | BD-JhCC | ||
| 005 | 20180127104213.0 | ||
| 008 | 180123s1971 ru a|||| |||| 00| 0 eng d | ||
| 035 | _a(BD-JhCC) | ||
| 040 |
_aBD-JhCC _dBD-JhCC |
||
| 041 | _aeng | ||
| 082 |
_a515 _bVOL 1971 |
||
| 100 | _aVolosova, V. M. | ||
| 245 |
_aAdvanced Mathematics For Engineers / _cV. M. Volosova and I. G. Volosova |
||
| 300 |
_a793 p. : _bill.; _c23 cm. |
||
| 500 | _aIncludes Index | ||
| 650 | _aEngineering Mathematics | ||
| 700 | _aVolosov, I. G. | ||
| 942 |
_2ddc _cBK |
||